00392nam a2200133Ia 450000500170000000800410001702000150005808200130007310000180008624500380010426000590014230000110020150000460021220250529031628.0240331s9999 xx 000 0 und d a955939004X bSENa303 aSenanayaka, M 0aLankawe abbyanthara sarangathayin aColombobCentre For policy Research and Analysisc1997 a90 p., aInternally Displaced persons in Sri Lanka